| 000 | 00473nam a2200205Ia 4500 | ||
|---|---|---|---|
| 008 | 210210b1983 xxu||||| |||| 00| 0 eng d | ||
| 082 | _a581.603 SIND | ||
| 100 | _aSINGH (Umrao) and others. | ||
| 245 | _aDictionary economic plants in India | ||
| 250 | _a | ||
| 260 |
_aNew Delhi _bI C A R _c1983 |
||
| 300 | _aiv,288 | ||
| 650 | _aplants | ||
| 650 | _aIndia | ||
| 650 | _ain | ||
| 650 | _aeconomic | ||
| 650 | _aDictionary | ||
| 690 | _aBotany | ||
| 906 | _a040295 | ||
| 999 |
_c90056 _d90056 |
||